| 000 | 00378nam a2200157Ia 4500 | ||
|---|---|---|---|
| 005 | 20250411063026.0 | ||
| 008 | 240331s9999 xx 000 0 und d | ||
| 020 | _a9552005957 | ||
| 082 |
_bNAR _a891 |
||
| 100 | _aNarayan,R.K | ||
| 245 | 0 | _aMalgudi dawas | |
| 260 |
_aColombo _bGodake & Sons _c1991 |
||
| 300 | _a176 p ., | ||
| 500 | _aTranslation Of mulgudy adays | ||
| 942 | _cL | ||
| 999 |
_c5178 _d5178 |
||